[Event "Titled Tuesday intern op 28th Jan Early"]
[Site "Chess.com INT"]
[Date "2025.01.28"]
[Round "5"]
[White "Llorens Sepulveda, Marcelo"]
[Black "Nurgaliyeva, Zarina"]
[Result "0-1"]
[WhiteElo "2244"]
[BlackElo "2263"]
[PlyCount "118"]
[EventDate "2025.01.28"]
[EventType "swiss (blitz)"]
[EventRounds "11"]
[EventCountry "USA"]
[SourceTitle "CB06_2025"]
[SourceDate "2025.02.05"]
[SourceVersion "1"]
[SourceVersionDate "2025.02.05"]
[SourceQuality "1"]

1. e4 e5 2. Nf3 Nc6 3. Bb5 a6 4. Ba4 Nf6 5. Qe2 Be7 6. 0-0 b5 7. Bb3 0-0 8. c3 d6 9. d4 Bg4 10. Rd1 Re8 11. h3 Bxf3 12. Qxf3 h6 13. a4 Rf8 14. Be3 Re8 15. Nd2 Bf8 16. axb5 axb5 17. Rxa8 Qxa8 18. d5 Na5 19. Ra1 c5 20. Bc2 Qd8 21. b4 cxb4 22. cxb4 Nb7 23. Ra7 Qb8 24. Nb3 Rc8 25. Qe2 Nc5 26. Ra5 Ncxe4 27. Bxe4 Nxe4 28. Qf3 Nc3 29. Ra7 Rc7 30. Ra6 Qc8 31. Rb6 e4 32. Qh5 g6 33. Qg4 Qxg4 34. hxg4 Nxd5 35. Rxb5 Nxe3 36. fxe3 Rc3 37. Nd4 Rxe3 38. Rb8 Re1+ 39. Kf2 Rb1 40. Ke3 d5 41. b5 Kg7 42. Rb7 Bc5 43. Rd7 Rb3+ 44. Ke2 Bxd4 45. Rxd5 Bb6 46. g3 Rb2+ 47. Kd1 e3 48. Re5 Kf6 49. Re8 Rxb5 50. Ke2 Rb2+ 51. Ke1 Kg5 52. Re4 e2 53. Rxe2 Rxe2+ 54. Kxe2 Kxg4 55. Kf1 Kxg3 56. Ke2 h5 57. Kf1 h4 58. Ke2 h3 59. Kd3 h2 0-1

[Event "Titled Tuesday intern op 28th Jan Early"]
[Site "Chess.com INT"]
[Date "2025.01.28"]
[Round "4"]
[White "Skaric, Djuro"]
[Black "Llorens Sepulveda, Marcelo"]
[Result "0-1"]
[WhiteElo "2285"]
[BlackElo "2244"]
[PlyCount "74"]
[EventDate "2025.01.28"]
[EventType "swiss (blitz)"]
[EventRounds "11"]
[EventCountry "USA"]
[SourceTitle "CB06_2025"]
[SourceDate "2025.02.05"]
[SourceVersion "1"]
[SourceVersionDate "2025.02.05"]
[SourceQuality "1"]

1. g3 Nf6 2. Bg2 g6 3. d3 Bg7 4. e4 0-0 5. Nc3 c5 6. f4 d6 7. Nf3 Nc6 8. 0-0 Rb8 9. a4 b6 10. h3 h5 11. Ng5 Bd7 12. Kh2 a6 13. Be3 b5 14. axb5 axb5 15. Qd2 b4 16. Ne2 Qb6 17. c3 bxc3 18. bxc3 Qb2 19. Qd1 Qb3 20. d4 Qxd1 21. Rfxd1 cxd4 22. Nxd4 Rfc8 23. e5 dxe5 24. Nxc6 Bxc6 25. fxe5 Rb2 26. Rd2 Rxd2 27. Bxd2 Nd5 28. e6 f5 29. Ra3 h4 30. Nf7 hxg3+ 31. Kxg3 Bf6 32. h4 Nb6 33. Bg5 Bxg5 34. hxg5 Bxg2 35. Kxg2 Rc6 36. Ra7 Rxe6 37. Kf3 Kxf7 0-1

[Event "Titled Tuesday intern op 14th Jan Early"]
[Site "Chess.com INT"]
[Date "2025.01.14"]
[Round "8"]
[White "Calens, Diego"]
[Black "Llorens Sepulveda, Marcelo"]
[Result "1/2-1/2"]
[WhiteElo "2007"]
[BlackElo "2244"]
[PlyCount "101"]
[EventDate "2025.01.14"]
[EventType "swiss (blitz)"]
[EventRounds "11"]
[EventCountry "USA"]
[SourceTitle "CB04_2025"]
[SourceDate "2025.01.22"]
[SourceVersion "1"]
[SourceVersionDate "2025.01.22"]
[SourceQuality "1"]

1. d4 Nf6 2. c4 g6 3. Nc3 Bg7 4. e4 d6 5. f3 0-0 6. Be3 c5 7. dxc5 dxc5 8. Qxd8 Rxd8 9. Bxc5 Nc6 10. Nd5 Nd7 11. Bxe7 Nxe7 12. Nxe7+ Kf8 13. Nd5 Bxb2 14. Rb1 Be5 15. Nh3 Nb6 16. Nf2 Na4 17. Bd3 b6 18. Bc2 Nc5 19. Nd3 Bd4 20. Nxc5 Bxc5 21. Bd3 Rb8 22. Ke2 Ba6 23. Rhd1 Rbc8 24. Rbc1 Kg7 25. f4 f6 26. Kf3 Ba3 27. Rc3 Bb2 28. Rb3 Bd4 29. Ra3 Bxc4 30. Rxa7+ Kh6 31. Bxc4 Rxc4 32. Rd3 f5 33. Ne3 fxe4+ 34. Kxe4 Bxe3+ 35. Kxe3 Rxd3+ 36. Kxd3 Rxf4 37. Ke3 Rb4 38. a4 Rb2 39. Kf3 g5 40. a5 b5 41. a6 Ra2 42. Rb7 Ra3+ 43. Kf2 Rxa6 44. Rxb5 Kh5 45. h3 Ra3 46. Rb2 h6 47. Rc2 Kh4 48. Rc4+ Kh5 49. Rc2 Kg6 50. Rc6+ Kh5 51. Rc2 1/2-1/2

[Event "Titled Tuesday intern op 14th Jan Early"]
[Site "Chess.com INT"]
[Date "2025.01.14"]
[Round "7"]
[White "Ghosh, Chanchal Kumer"]
[Black "Llorens Sepulveda, Marcelo"]
[Result "0-1"]
[WhiteElo "2041"]
[BlackElo "2244"]
[PlyCount "108"]
[EventDate "2025.01.14"]
[EventType "swiss (blitz)"]
[EventRounds "11"]
[EventCountry "USA"]
[SourceTitle "CB04_2025"]
[SourceDate "2025.01.22"]
[SourceVersion "1"]
[SourceVersionDate "2025.01.22"]
[SourceQuality "1"]

1. e4 c5 2. Nf3 Nc6 3. d4 cxd4 4. Nxd4 Nf6 5. Nc3 d6 6. Be2 g6 7. Be3 Bg7 8. 0-0 0-0 9. f4 Qb6 10. Na4 Qb4 11. c3 Qa5 12. Nxc6 bxc6 13. Bf3 Be6 14. b3 Rac8 15. c4 Rfd8 16. Qc2 d5 17. e5 Ng4 18. Bxg4 Bxg4 19. c5 d4 20. Bd2 Qb5 21. Rf2 f6 22. Re1 Rd5 23. h3 Bf5 24. Qc4 fxe5 25. fxe5 Qxc4 26. bxc4 Rxe5 27. Ref1 Bd3 28. Rc1 Re2 29. Nb2 Rxf2 30. Kxf2 Bf5 31. g4 Bd7 32. Nd3 e5 33. Re1 Re8 34. Kf3 h5 35. Nf2 Be6 36. Rc1 Rf8+ 37. Kg3 h4+ 38. Kg2 Rb8 39. Rc2 Bf8 40. Nd3 Bg7 41. Nf2 Rb1 42. Bg5 a5 43. Bxh4 a4 44. Bg3 a3 45. Re2 Rb2 46. Kf3 Bxc4 47. Re1 Bd5+ 48. Ne4 Rxa2 49. g5 Rb2 50. Kg4 Be6+ 51. Kh4 a2 52. Nf6+ Bxf6 53. gxf6 e4 54. Be5 Rd2 0-1

[Event "Arica op 7th"]
[Site "Arica"]
[Date "2021.12.16"]
[Round "8"]
[White "Alvarado Munoz, Sebastian Ignacio"]
[Black "Llorens Sepulveda, Marcelo"]
[Result "1/2-1/2"]
[WhiteElo "1910"]
[BlackElo "2257"]
[PlyCount "56"]
[EventDate "2021.12.12"]
[EventType "swiss"]
[EventRounds "10"]
[EventCountry "CHI"]
[SourceTitle "CBM 205 Extra"]
[Source "ChessBase"]
[SourceDate "2022.01.31"]
[SourceVersion "1"]
[SourceVersionDate "2022.01.31"]
[SourceQuality "1"]

1. e4 c5 2. Nf3 Nc6 3. Nc3 e6 4. d3 d6 5. g3 g6 6. Bg2 Bg7 7. Be3 Nd4 8. 0-0 Ne7 9. Qd2 h5 10. h3 Nec6 11. Ne1 Qa5 12. f4 Bd7 13. Kh1 f5 14. Qf2 0-0-0 15. Nd1 Kb8 16. a4 h4 17. c3 hxg3 18. Qxg3 Bf6 19. Bf2 Bh4 20. Qe3 Nb3 21. Ra3 Qb6 22. Bxh4 Rxh4 23. Nf3 Rh5 24. e5 dxe5 25. Nxe5 Nxe5 26. Qxe5+ Ka8 27. a5 Nxa5 28. b4 Bc6 1/2-1/2

[Event "Arica op 7th"]
[Site "Arica"]
[Date "2021.12.15"]
[Round "5"]
[White "Llorens Sepulveda, Marcelo"]
[Black "Gonzalez Culi, Diego"]
[Result "1-0"]
[WhiteElo "2257"]
[BlackElo "2158"]
[PlyCount "69"]
[EventDate "2021.12.12"]
[EventType "swiss"]
[EventRounds "10"]
[EventCountry "CHI"]
[SourceTitle "CBM 205 Extra"]
[Source "ChessBase"]
[SourceDate "2022.01.31"]
[SourceVersion "1"]
[SourceVersionDate "2022.01.31"]
[SourceQuality "1"]

1. e4 c5 2. Nf3 d6 3. Bc4 Nf6 4. d3 Nc6 5. c3 g6 6. 0-0 Bg7 7. Bb3 0-0 8. Re1 b5 9. h3 a5 10. d4 a4 11. Bc2 Bb7 12. Nbd2 Nd7 13. Nf1 Rc8 14. Ne3 Nb6 15. d5 Na5 16. Ng4 Nac4 17. Bh6 f6 18. Qc1 Ne5 19. Bxg7 Kxg7 20. Qh6+ Kg8 21. Ngxe5 dxe5 22. Nh4 Rf7 23. b3 a3 24. Bd1 Rc7 25. Be2 Ba6 26. Rad1 Rg7 27. Rd3 Rd7 28. Rg3 g5 29. Bh5 Rd6 30. Nf5 Qf8 31. h4 Bc8 32. Nxd6 exd6 33. hxg5 Nd7 34. Ree3 fxg5 35. Rxg5 1-0

[Event "Titled Tuesday intern op 23rd Nov"]
[Site "Chess.com INT"]
[Date "2021.11.23"]
[Round "8"]
[White "Llorens Sepulveda, Marcelo"]
[Black "Vakhlamov, Igor L"]
[Result "0-1"]
[WhiteElo "2257"]
[BlackElo "2413"]
[PlyCount "40"]
[EventDate "2021.11.23"]
[EventType "swiss (blitz)"]
[EventRounds "11"]
[EventCountry "USA"]
[SourceTitle "CBM 205 Extra"]
[Source "ChessBase"]
[SourceDate "2022.01.31"]
[SourceVersion "1"]
[SourceVersionDate "2022.01.31"]
[SourceQuality "1"]

1. e4 c5 2. Nf3 g6 3. d4 cxd4 4. c3 Bg7 5. cxd4 Nf6 6. Nc3 0-0 7. e5 Ne8 8. h4 d6 9. h5 dxe5 10. hxg6 hxg6 11. Nxe5 Nc6 12. Nxc6 bxc6 13. Be3 Rb8 14. Qd2 Qa5 15. 0-0-0 Bf5 16. Bc4 Nd6 17. Bb3 Rxb3 18. Nd5 Qxd5 19. axb3 Qe4 20. Qa5 Qc2# 0-1

[Event "Titled Tuesday intern op 09th Nov"]
[Site "Chess.com INT"]
[Date "2021.11.09"]
[Round "1"]
[White "Aldokhin, Ivan"]
[Black "Llorens Sepulveda, Marcelo"]
[Result "0-1"]
[WhiteElo "2413"]
[BlackElo "2257"]
[PlyCount "68"]
[EventDate "2021.11.09"]
[EventType "swiss (blitz)"]
[EventRounds "11"]
[EventCountry "USA"]
[SourceTitle "CBM 205 Extra"]
[Source "ChessBase"]
[SourceDate "2022.01.31"]
[SourceVersion "1"]
[SourceVersionDate "2022.01.31"]
[SourceQuality "1"]

1. e4 c5 2. Nf3 Nc6 3. d4 cxd4 4. Nxd4 Nf6 5. Nc3 d6 6. h3 e5 7. Nde2 Be6 8. g4 h6 9. Bg2 Be7 10. 0-0 0-0 11. Ng3 Rc8 12. Nf5 Bxf5 13. exf5 Nd4 14. Be3 Qb6 15. Na4 Qa6 16. Nc3 Qc4 17. Re1 Rfe8 18. a4 d5 19. a5 a6 20. Bxd4 exd4 21. Na4 Qxc2 22. Qxd4 Bf8 23. Rad1 Rxe1+ 24. Rxe1 Rc4 25. Qa7 Rxa4 26. Qxb7 Bc5 27. Rf1 Rb4 28. Qxa6 Rxb2 29. Qa8+ Kh7 30. Bxd5 Bxf2+ 31. Kh1 Bg3 32. Bg2 Ra2 33. a6 Qe2 34. Qb7 Nxg4 0-1

[Event "Leon Blitz op 34th"]
[Site "Chess.com INT"]
[Date "2021.07.07"]
[Round "9"]
[White "Llorens Sepulveda, Marcelo"]
[Black "Mikhnenko, Alexander"]
[Result "0-1"]
[WhiteElo "2257"]
[BlackElo "2065"]
[PlyCount "100"]
[EventDate "2021.07.07"]
[EventType "swiss (blitz)"]
[EventRounds "14"]
[EventCountry "ESP"]
[SourceTitle "CBM 203 Extra"]
[Source "ChessBase"]
[SourceDate "2021.09.30"]
[SourceVersion "1"]
[SourceVersionDate "2021.09.30"]
[SourceQuality "1"]

1. e4 c5 2. Nf3 e6 3. c3 d5 4. e5 d4 5. Bc4 Nc6 6. 0-0 dxc3 7. bxc3 Nge7 8. d4 cxd4 9. cxd4 Nd5 10. Ng5 Be7 11. Ne4 0-0 12. Re1 a6 13. a4 Bd7 14. Na3 Rc8 15. Rb1 Na5 16. Bxd5 exd5 17. Nd6 Bxd6 18. exd6 Bf5 19. Rb2 Qxd6 20. Rbe2 Be6 21. Re3 Nc4 22. Rg3 Rfe8 23. h4 Bf5 24. h5 Rxe1+ 25. Qxe1 Qe6 26. Qd1 Nxa3 27. Bxa3 Bc2 28. Qc1 Bxa4 29. Qg5 g6 30. Re3 Qf5 31. Qxf5 gxf5 32. h6 Re8 33. Rg3+ Kh8 34. Rg7 Re1+ 35. Kh2 Re6 36. Bc1 Rf6 37. Kg1 Be8 38. Bf4 Rg6 39. Be5 Rxg7 40. hxg7+ Kg8 41. Kf1 b5 42. Ke2 b4 43. Kd3 Bb5+ 44. Kd2 a5 45. Kc2 a4 46. Kb2 Bc4 47. g3 a3+ 48. Kc2 b3+ 49. Kc3 b2 50. Kc2 Bd3+ 0-1

[Event "CHI-ch"]
[Site "Santiago de Chile"]
[Date "2018.02.27"]
[Round "5"]
[White "Perez Gormaz, Matias Ariel"]
[Black "Llorens Sepulveda, Marcelo"]
[Result "1-0"]
[WhiteElo "2410"]
[BlackElo "2266"]
[PlyCount "81"]
[EventDate "2018.02.24"]
[EventType "tourn"]
[EventRounds "11"]
[EventCountry "CHI"]
[EventCategory "5"]
[SourceTitle "CBM 183 Extra"]
[Source "ChessBase"]
[SourceDate "2018.04.19"]
[SourceVersion "1"]
[SourceVersionDate "2018.04.19"]
[SourceQuality "1"]

1. d4 Nf6 2. Nf3 c5 3. e3 g6 4. Be2 Bg7 5. 0-0 0-0 6. dxc5 Qc7 7. c4 Na6 8. Nc3 Nxc5 9. Qc2 d6 10. e4 Be6 11. Nd4 Rfc8 12. Be3 Qd8 13. Rad1 Qf8 14. b4 Ncd7 15. Qb3 Kh8 16. h3 Bh6 17. f4 Nh5 18. Kh2 Qg7 19. g3 a5 20. a3 axb4 21. axb4 Rg8 22. Rd3 Nxg3 23. Kxg3 g5 24. f5 Bxc4 25. Qxc4 Ne5 26. f6 Qg6 27. Qb3 g4 28. h4 Nxd3 29. Bxh6 Qxh6 30. Nf5 Qxf6 31. Bxd3 e6 32. Ne3 Qe5+ 33. Kg2 f5 34. Nc4 Qf6 35. exf5 g3 36. fxe6 Qxe6 37. Ne4 Qd5 38. Qc3+ Rg7 39. Ncxd6 Qa2+ 40. Bc2 h5 41. Nf5 1-0

[Event "CHI-ch"]
[Site "Santiago de Chile"]
[Date "2018.02.25"]
[Round "2"]
[White "Llorens Sepulveda, Marcelo"]
[Black "Abarca Gonzalez, Nicolas"]
[Result "0-1"]
[WhiteElo "2266"]
[BlackElo "2388"]
[PlyCount "96"]
[EventDate "2018.02.24"]
[EventType "tourn"]
[EventRounds "11"]
[EventCountry "CHI"]
[EventCategory "5"]
[SourceTitle "CBM 183 Extra"]
[Source "ChessBase"]
[SourceDate "2018.04.19"]
[SourceVersion "1"]
[SourceVersionDate "2018.04.19"]
[SourceQuality "1"]

1. e4 e5 2. Nf3 Nc6 3. Bb5 a6 4. Ba4 Nf6 5. Qe2 b5 6. Bb3 Bc5 7. a4 Rb8 8. axb5 axb5 9. 0-0 0-0 10. d3 d6 11. Bg5 Bg4 12. c3 h6 13. Be3 Bxe3 14. Qxe3 Re8 15. Nbd2 Nh5 16. Rfe1 Qd7 17. Nf1 Ra8 18. Rxa8 Rxa8 19. Nh4 Be6 20. Bd1 Nf4 21. d4 Bc4 22. b3 Bxf1 23. Kxf1 b4 24. d5 Ne7 25. c4 g5 26. Qg3 Kf8 27. Bg4 gxh4 28. Qxh4 Qd8 29. Qxh6+ Kg8 30. g3 Nfg6 31. Re3 Qf8 32. Qg5 f6 33. Be6+ Kh7 34. Qg4 Qh6 35. h4 Kh8 36. Kg2 Ra1 37. Bf7 Qg7 38. Be6 Qh6 39. Bf7 Nf8 40. Be6 Qg6 41. Qh3 Rc1 42. Bd7 Rc3 43. Re1 Rxb3 44. h5 Qg5 45. Ra1 Ra3 46. Rb1 Ra2 47. Rb3 Ra1 48. Qg4 Qc1 0-1

[Event "Arica 3rd"]
[Site "Arica"]
[Date "2016.07.12"]
[Round "4.4"]
[White "Pichot, Alan"]
[Black "Llorens Sepulveda, Marcelo"]
[Result "1-0"]
[WhiteElo "2543"]
[BlackElo "2289"]
[PlyCount "171"]
[EventDate "2016.07.10"]
[EventType "swiss"]
[EventRounds "10"]
[EventCountry "CHI"]
[SourceTitle "EXT 2024"]
[Source "ChessBase"]
[SourceDate "2023.10.10"]
[SourceVersion "1"]
[SourceVersionDate "2023.10.10"]
[SourceQuality "1"]

1. e4 c5 2. Nf3 d6 3. c3 Nf6 4. h3 Nc6 5. Bd3 g6 6. 0-0 Bg7 7. Bc2 0-0 8. d4 Qc7 9. d5 Ne5 10. a4 b6 11. Na3 Ba6 12. Nb5 Qd7 13. Bg5 Bb7 14. Nd2 a6 15. Na3 Qc7 16. f4 Ned7 17. Ndc4 Rab8 18. Qd2 Ba8 19. Ne3 e6 20. f5 exd5 21. exd5 Rbe8 22. Rf2 Ne4 23. Bxe4 Rxe4 24. f6 Bh8 25. Qd3 Rfe8 26. Qxa6 Bb7 27. Qd3 Rxa4 28. Ng4 Ne5 29. Qb5 Qd7 30. Nh6+ Kf8 31. Qxb6 Nc4 32. Qb3 Bxd5 33. Rd1 Be6 34. Nxc4 Rxc4 35. Qb6 d5 36. Be3 Rc8 37. b4 cxb4 38. cxb4 Qc6 39. Bc5+ Ke8 40. Qa7 Qc7 41. Qa6 Qc6 42. Qa7 Qc7 43. Ra1 Rc1+ 44. Rf1 Qxa7 45. Rxa7 Rxf1+ 46. Kxf1 Bxf6 47. Ng8 Bh4 48. Ke2 h5 49. Kd3 Rb8 50. Bd6 Rb6 51. Bc5 Rb8 52. Ne7 Bxe7 53. Rxe7+ Kd8 54. Ra7 Kc8 55. Kd4 Rb7 56. Ra6 Kc7 57. Bd6+ Kd7 58. Kc5 Bf5 59. Kxd5 Bd3 60. Ra2 Bb5 61. Bc5 f6 62. g3 Bc6+ 63. Kd4 Ke6 64. Ra6 Kd7 65. Kc3 Rb8 66. Ra7+ Ke6 67. Re7+ Kf5 68. Re2 Bf3 69. Rb2 Ke4 70. b5 g5 71. Bd6 Rb7 72. b6 Kd5 73. Bc7 f5 74. Rb5+ Ke6 75. Kd4 Bg2 76. h4 gxh4 77. gxh4 Kf6 78. Ke3 Be4 79. Kf4 Kg6 80. Re5 Bd3 81. Re6+ Kf7 82. Ke5 Kg7 83. Kd6 Kf7 84. Re7+ Kf6 85. Bd8 Rb8 86. Kc7 1-0

[Event "Antofagasta Zicosur op 2nd"]
[Site "Antofagasta"]
[Date "2016.01.06"]
[Round "2"]
[White "Celis, Kevin"]
[Black "Llorens Sepulveda, Marcelo"]
[Result "0-1"]
[WhiteElo "2069"]
[BlackElo "2286"]
[PlyCount "56"]
[EventDate "2016.01.05"]
[EventType "swiss"]
[EventRounds "9"]
[EventCountry "CHI"]
[SourceTitle "CBM 170 Extra"]
[Source "ChessBase"]
[SourceDate "2016.02.25"]
[SourceVersion "1"]
[SourceVersionDate "2016.02.25"]
[SourceQuality "1"]

1. e4 c5 2. Nf3 d6 3. d4 cxd4 4. Nxd4 Nf6 5. Nc3 Nc6 6. Bg5 Bd7 7. Qd2 Rc8 8. f4 h6 9. Bxf6 gxf6 10. Be2 h5 11. Nxc6 bxc6 12. 0-0-0 Qa5 13. Kb1 Rb8 14. Bf3 Bg7 15. Rhe1 Bg4 16. f5 Bh6 17. Qd3 Bf4 18. h3 Be5 19. Re3 Bxf3 20. Rxf3 h4 21. Rd2 Rb4 22. b3 Kd7 23. Qe3 Rhb8 24. Nd1 Qa3 25. c3 R4b5 26. Nb2 Rc5 27. Rc2 Ra5 28. Nc4 Rxb3+ 0-1

[Event "Antofagasta Zicosur op 2nd"]
[Site "Antofagasta"]
[Date "2016.01.06"]
[Round "3"]
[White "Llorens Sepulveda, Marcelo"]
[Black "Martinez Alcantara, Jose Eduardo"]
[Result "0-1"]
[WhiteElo "2286"]
[BlackElo "2469"]
[PlyCount "88"]
[EventDate "2016.01.05"]
[EventType "swiss"]
[EventRounds "9"]
[EventCountry "CHI"]
[SourceTitle "CBM 170 Extra"]
[Source "ChessBase"]
[SourceDate "2016.02.25"]
[SourceVersion "1"]
[SourceVersionDate "2016.02.25"]
[SourceQuality "1"]

1. e4 c5 2. Nf3 d6 3. d4 cxd4 4. Nxd4 Nf6 5. Nc3 Nc6 6. Be2 g6 7. 0-0 Bg7 8. Nb3 0-0 9. Re1 a6 10. Bf1 b5 11. a4 b4 12. Nd5 Bb7 13. Bg5 Nd7 14. Bb5 Ndb8 15. Bxc6 Nxc6 16. Qd2 Bxb2 17. Rad1 Bg7 18. Qe3 Re8 19. f4 Qb8 20. Kh1 Bc8 21. f5 f6 22. Bh6 Qa7 23. Qh3 Bd7 24. Bxg7 Kxg7 25. Qg3 g5 26. h4 h6 27. a5 Rab8 28. Nf4 Kh7 29. Ng6 Rg8 30. Rd2 Rxg6 31. fxg6+ Kxg6 32. e5 Nxe5 33. Rxe5 fxe5 34. Qd3+ Bf5 35. h5+ Kf6 36. Qf1 g4 37. Rf2 e6 38. Nd2 d5 39. Qe1 Rg8 40. Nf1 g3 41. Rf3 Rg4 42. Rxg3 Rh4+ 43. Rh3 Rxh3+ 44. gxh3 Qd4 0-1

[Event "Antofagasta Zicosur op 2nd"]
[Site "Antofagasta"]
[Date "2016.01.05"]
[Round "1"]
[White "Llorens Sepulveda, Marcelo"]
[Black "Buzeta Ogalde, Axhel"]
[Result "1-0"]
[WhiteElo "2286"]
[BlackElo "1783"]
[PlyCount "51"]
[EventDate "2016.01.05"]
[EventType "swiss"]
[EventRounds "9"]
[EventCountry "CHI"]
[SourceTitle "CBM 170 Extra"]
[Source "ChessBase"]
[SourceDate "2016.02.25"]
[SourceVersion "1"]
[SourceVersionDate "2016.02.25"]
[SourceQuality "1"]

1. d4 d5 2. Bf4 Bf5 3. e3 e6 4. Nf3 Bd6 5. Bd3 Ne7 6. 0-0 Bxf4 7. exf4 Qd6 8. g3 0-0 9. Re1 Qb6 10. Nc3 Qxb2 11. Qd2 b6 12. Reb1 Qa3 13. Nb5 Qa4 14. Nxc7 Qc6 15. Nxa8 Qxa8 16. Ne5 f6 17. Nf3 Nbc6 18. Re1 Qc8 19. Rac1 Qd7 20. c3 Na5 21. Nh4 Bh3 22. Qe2 g6 23. Qf3 f5 24. Qe3 Kf7 25. Nf3 Kg7 26. Ng5 1-0

[Event "American Continental 10th"]
[Site "Praia da Pipa"]
[Date "2014.10.24"]
[Round "9"]
[White "Llorens Sepulveda, Marcelo"]
[Black "Santos Filho, Tadeu Souza"]
[Result "1-0"]
[WhiteElo "2275"]
[BlackElo "2074"]
[PlyCount "127"]
[EventDate "2014.10.18"]
[EventType "swiss"]
[EventRounds "11"]
[EventCountry "BRA"]
[SourceTitle "EXT 2015"]
[Source "ChessBase"]
[SourceDate "2014.11.20"]
[SourceVersion "1"]
[SourceVersionDate "2014.11.20"]
[SourceQuality "1"]

1. e4 e6 2. d3 d5 3. Nd2 Nf6 4. Ngf3 Bc5 5. e5 Nfd7 6. d4 Bb6 7. Nb3 c5 8. dxc5 Nxc5 9. Nxc5 Bxc5 10. Bd3 Nc6 11. 0-0 Nb4 12. Ng5 Nxd3 13. Qxd3 Qc7 14. Qg3 0-0 15. Bf4 Qe7 16. c3 Bd7 17. b4 Bb6 18. a4 a5 19. Qd3 g6 20. Nf3 f6 21. b5 Rac8 22. exf6 Qxf6 23. Be5 Qf5 24. Qd2 Qh5 25. Qg5 Qxg5 26. Nxg5 h6 27. Nf3 g5 28. h3 Be8 29. Bd4 Bc7 30. Rfe1 Bf7 31. Rab1 Bg6 32. Rb2 Kh7 33. b6 Bd6 34. Rb5 Ra8 35. Bc5 Rfd8 36. Bxd6 Rxd6 37. Ne5 Kg8 38. c4 dxc4 39. Nxc4 Rd5 40. Rb2 Rc8 41. Ne3 Rd6 42. Ng4 Kg7 43. Re5 Rcc6 44. Rxa5 Rxb6 45. Rab5 Rxb5 46. Rxb5 Rd1+ 47. Kh2 Rb1 48. Rc5 Be4 49. Rc7+ Kg6 50. Ne5+ Kf5 51. Nf7 h5 52. h4 Bc6 53. Nxg5 Rb4 54. Kh3 Rxa4 55. f3 Bd5 56. Rc8 b5 57. Rb8 b4 58. g4+ hxg4+ 59. fxg4+ Kg6 60. Rg8+ Kh6 61. h5 Ra3+ 62. Kh4 Bc4 63. Ne4 Rf3 64. Rg6+ 1-0

[Event "American Continental 10th"]
[Site "Praia da Pipa"]
[Date "2014.10.22"]
[Round "7"]
[White "Llorens Sepulveda, Marcelo"]
[Black "Mafra, Kaiser Luiz"]
[Result "0-1"]
[WhiteElo "2275"]
[BlackElo "2148"]
[PlyCount "90"]
[EventDate "2014.10.18"]
[EventType "swiss"]
[EventRounds "11"]
[EventCountry "BRA"]
[SourceTitle "EXT 2015"]
[Source "ChessBase"]
[SourceDate "2014.11.20"]
[SourceVersion "1"]
[SourceVersionDate "2014.11.20"]
[SourceQuality "1"]

1. e4 c6 2. d4 d5 3. f3 g6 4. Nc3 Bg7 5. Be3 Qb6 6. Qd2 Qxb2 7. Rb1 Qa3 8. exd5 Nf6 9. dxc6 bxc6 10. Bc4 0-0 11. Nge2 Nbd7 12. 0-0 Nb6 13. Bb3 Ba6 14. Bh6 Qd6 15. Bxg7 Kxg7 16. Rfd1 Bxe2 17. Nxe2 c5 18. c4 cxd4 19. Nxd4 Qc5 20. Qf2 Rac8 21. Nb5 a6 22. Nc3 Qxf2+ 23. Kxf2 Nxc4 24. Na4 Na5 25. Nb6 Rc3 26. Nd5 Nxd5 27. Bxd5 Rc2+ 28. Kg3 Rfc8 29. Rb6 Rd8 30. Rxa6 Rc5 31. Bb3 Rdc8 32. Rd7 Nxb3 33. axb3 Rg5+ 34. Kh3 Rc2 35. g4 Rc3 36. Kg2 Re5 37. Ra2 Rxb3 38. Rf2 g5 39. Rd4 Reb5 40. Rd7 e6 41. Re2 Rc5 42. Ra2 Rc4 43. Kg3 h5 44. h3 h4+ 45. Kg2 Rb1 0-1

[Event "American Continental 10th"]
[Site "Praia da Pipa"]
[Date "2014.10.21"]
[Round "5"]
[White "Llorens Sepulveda, Marcelo"]
[Black "Magas Varas, Rodrigo"]
[Result "1-0"]
[WhiteElo "2275"]
[BlackElo "2041"]
[PlyCount "69"]
[EventDate "2014.10.18"]
[EventType "swiss"]
[EventRounds "11"]
[EventCountry "BRA"]
[SourceTitle "EXT 2015"]
[Source "ChessBase"]
[SourceDate "2014.11.20"]
[SourceVersion "1"]
[SourceVersionDate "2014.11.20"]
[SourceQuality "1"]

1. e4 c5 2. Nf3 e6 3. d3 Nc6 4. g3 g6 5. Bg2 Bg7 6. 0-0 Nge7 7. Re1 d6 8. c3 e5 9. a3 a5 10. a4 0-0 11. Na3 h6 12. Nb5 Bg4 13. h3 Bxf3 14. Bxf3 Qd7 15. Bg2 Rad8 16. Be3 b6 17. d4 cxd4 18. cxd4 d5 19. exd5 Nxd5 20. dxe5 Nxe5 21. Bd4 Nc6 22. Bxg7 Kxg7 23. Rc1 Ncb4 24. Qd4+ Kg8 25. Kh2 Qf5 26. Re5 Qd3 27. Qh4 Qd2 28. Rf1 Qxb2 29. Re4 Kg7 30. Rd4 Nf6 31. Nd6 g5 32. Nf5+ Kg6 33. Qxh6+ Kxf5 34. g4+ Ke5 35. Re1+ 1-0

[Event "American Continental 10th"]
[Site "Praia da Pipa"]
[Date "2014.10.19"]
[Round "2"]
[White "Ferreira, Kleber Victor"]
[Black "Llorens Sepulveda, Marcelo"]
[Result "0-1"]
[WhiteElo "2079"]
[BlackElo "2275"]
[PlyCount "80"]
[EventDate "2014.10.18"]
[EventType "swiss"]
[EventRounds "11"]
[EventCountry "BRA"]
[SourceTitle "EXT 2015"]
[Source "ChessBase"]
[SourceDate "2014.11.20"]
[SourceVersion "1"]
[SourceVersionDate "2014.11.20"]
[SourceQuality "1"]

1. e4 e6 2. Nc3 d5 3. d4 Bb4 4. a3 Be7 5. Be3 b6 6. Bb5+ c6 7. Bd3 Ba6 8. Bxa6 Nxa6 9. Qd3 Nb8 10. Nf3 Nf6 11. e5 Nfd7 12. Ne2 Qc8 13. c3 Qa6 14. Qc2 c5 15. 0-0 Nc6 16. Nf4 Rc8 17. Rac1 0-0 18. Qb1 cxd4 19. cxd4 Na5 20. h4 Rxc1 21. Rxc1 Rc8 22. Ng5 Nf8 23. Rxc8 Qxc8 24. Qd1 Nc4 25. Bc1 Ng6 26. Nxg6 Bxg5 27. Bxg5 hxg6 28. Qc1 Qc6 29. g4 Qb5 30. b4 Qa4 31. Be7 Qxa3 32. Qf4 Qd3 33. h5 gxh5 34. gxh5 Qd1+ 35. Kg2 Qxh5 36. Qg3 a5 37. bxa5 bxa5 38. Bf6 Qg6 39. Qxg6 fxg6 40. Be7 a4 0-1

[Event "American Continental 10th"]
[Site "Praia da Pipa"]
[Date "2014.10.19"]
[Round "3"]
[White "Llorens Sepulveda, Marcelo"]
[Black "Alonso, Salvador"]
[Result "1/2-1/2"]
[WhiteElo "2275"]
[BlackElo "2505"]
[PlyCount "36"]
[EventDate "2014.10.18"]
[EventType "swiss"]
[EventRounds "11"]
[EventCountry "BRA"]
[SourceTitle "EXT 2015"]
[Source "ChessBase"]
[SourceDate "2014.11.20"]
[SourceVersion "1"]
[SourceVersionDate "2014.11.20"]
[SourceQuality "1"]

1. e4 c5 2. Nf3 Nc6 3. d4 cxd4 4. Nxd4 e6 5. Nc3 d6 6. Be2 Nf6 7. Be3 Be7 8. 0-0 0-0 9. f4 e5 10. Nb3 exf4 11. Bxf4 Be6 12. Kh1 Ne8 13. Nd5 Bg5 14. Bg3 Rc8 15. c3 Ne5 16. Nd4 Bxd5 17. exd5 g6 18. Qb3 Nf6 1/2-1/2